书目信息 |
| 题名: |
围追堵截红军长征亲历记
|
|
| 作者: | ;中国人民政治协商会议全国委员会文史资料委员会 编 | |
| 分册: | 下 | |
| 出版信息: | 北京 中国文史出版社 1991.1 |
|
| 页数: | 403页 | |
| 开本: | 20cm | |
| 丛书名: | 原国民党将领回忆军事史料丛书 | |
| 单 册: | ||
| 中图分类: | K264.406 | |
| 科图分类: | ||
| 主题词: | 国民党军--1934~1936年--史料 , 中国--历史 , 二万五千里长征--史料 | |
| 电子资源: | ||
| ISBN: | 7-5034-0177-X | |
| 000 | 01250nam 2200265 45 | |
| 001 | 0191011153 | |
| 005 | 20051201104852.51 | |
| 010 | @a7-5034-0177-X@dCNY7.00 | |
| 100 | @a19910529d1991 ekmy0chiy0121 ea | |
| 101 | 0 | @achi |
| 102 | @aCN@b110000 | |
| 105 | @ab z 000yy | |
| 200 | 10 | @a围追堵截红军长征亲历记@AWEI ZHUI DU JIE HONG JUN CHANG ZHENG QIN LI JI@h下@e原国民党将领的回忆@EYUAN GUO MIN DANG JIANG LING DE HUI YI@f中国人民政治协商会议全国委员会文史资料委员会《围追堵截红军长征亲历记》编审组编@FZHONG GUO REN MIN ZHENG ZHI XIE SHANG HUI YI QUAN GUO WEI YUAN HUI WEN SHI ZI LIAO WEI YUAN HUI 《 WEI ZHUI DU JIE HONG JUN CHANG ZHENG QIN LI JI 》 BIAN SHEN ZU BIAN |
| 210 | @a北京@c中国文史出版社@d1991.1 | |
| 215 | @a403页@c地图@d20cm | |
| 225 | 2 | @a原国民党将领回忆军事史料丛书 |
| 410 | 0 | @120010@a原国民党将领回忆军事史料丛书 |
| 540 | 1 | @a长征@ACHANG ZHENG |
| 606 | @a国民党军@z1934~1936年@x史料 | |
| 606 | 0 | @a中国@x历史 |
| 606 | @a二万五千里长征@x史料 | |
| 690 | @aK264.406@v3 | |
| 711 | 02 | @a中国人民政治协商会议全国委员会文史资料委员会@AZHONG GUO REN MIN ZHENG ZHI XIE SHANG HUI YI QUAN GUO WEI YUAN HUI WEN SHI ZI LIAO WEI YUAN HUI@4编 |
| 801 | 0 | @aCN@bNLC@c20051201 |
| 905 | @dK264.406@e35:2@f1@b243120@f0@f2@b237812-813 | |
| 围追堵截红军长征亲历记.下:原国民党将领的回忆/中国人民政治协商会议全国委员会文史资料委员会《围追堵截红军长征亲历记》编审组编.-北京:中国文史出版社,1991.1 |
| 403页:地图;20cm.-(原国民党将领回忆军事史料丛书) |
| ISBN 7-5034-0177-X:CNY7.00 |
| ● |
| 相关链接 |
|
|
|
|
正题名:围追堵截红军长征亲历记
索取号:K264.406/35:2
 
预约/预借
| 序号 | 登录号 | 条形码 | 馆藏地/架位号 | 状态 | 备注 |
| 1 | 0237812 | 001474050 | 第二借阅区/ [索取号:K264.406/35:2] | 在馆 | |
| 2 | 0237813 | 001473970 | 第二借阅区/ [索取号:K264.406/35:2] | 在馆 | |
| 3 | 0237814 | 202162284 | 密集书库/ [索取号:K264.406/35:2] | 在馆 | |
| 4 | 0243120 | 001474032 | 密集书库/ [索取号:K264.406/35:2] | 在馆 | |
| 5 | 0243121 | 202441697 | 第二样本阅览室/ [索取号:K264.406/35:2] | 在馆 |